000
00247nam a22001097a 4500
082
_a
621.3193 STI'E
100
_a
STIERI, E
_9
59194
245
_a
ELECTRICITY IN THE HOME
260
_a
NEWYORK
_b
BARNES & NOBLE
_c
1955
300
_a
405P
942
_c
BK
999
_c
569229
_d
569229